Guess the Lyrics Quiz Stats

Quiz not verified by Sporcle

Challenge
Share
Tweet
Embed
Score 0/172 Timer 10:00
2 Plays Today
% Correct
the
99.8%
a
99.8%
a*
99.8%
and*
99.8%
a*
99.8%
a*
99.8%
and*
99.8%
and
99.8%
the
99.8%
and
99.8%
the
99.8%
I
97.4%
I
97.4%
I*
97.4%
I*
97.4%
I*
97.4%
I
97.4%
I
97.4%
I
97.4%
you*
90.9%
you*
90.9%
me
82.8%
me.*
82.8%
me*
82.8%
me,
82.8%
me;
82.8%
me
82.8%
me.
82.8%
me;
82.8%
me
82.8%
*CHORUS*
82.1%
*CHORUS*
82.1%
to*
79.4%
to
79.4%
to
79.4%
be
78.7%
be.*
78.7%
be
78.7%
be
78.7%
in
73.6%
in
73.6%
can
73%
it
71.7%
on
70.9%
on,
70.9%
on
70.9%
of*
67.4%
of*
67.4%
of
67.4%
that
63.6%
my
62.8%
my
62.8%
my
62.8%
for
62.3%
for
62.3%
why.
60.6%
know
59.1%
know*
59.1%
% Correct
know*
59.1%
know,
59.1%
know
59.1%
see*
57.2%
See
57.2%
can't*
54.5%
not*
53.6%
not*
53.6%
how*
53.4%
there
53.2%
you're*
53%
I'm
51.7%
I'm
51.7%
I'm*
51.7%
I'm*
51.7%
I'm*
51.7%
I'm*
51.7%
All
50.4%
All
50.4%
all
50.4%
all
50.4%
don't
49.4%
don't*
49.4%
but*
46.8%
but*
46.8%
like
46.6%
some
46.4%
just*
46.2%
just*
46.2%
then*
45.1%
now*
44.5%
now*
44.5%
hear
41.5%
with
40.4%
with
40.4%
at
39.4%
should
39.1%
get
37.7%
get
37.7%
day
37%
gonna*
36%
them
35.5%
think*
35.3%
think
35.3%
Out
33%
tell,*
32.8%
been
32.6%
I've
31.9%
you'll*
30.2%
night
28.7%
because
27.9%
good
27.4%
little*
27.2%
little*
27.2%
right*
26.2%
right*
26.2%
used*
25.5%
something.
24.5%
% Correct
'bout
24.5%
something
24.5%
side*
23.4%
come
23.4%
different*
21.7%
must
21.7%
care,*
21.1%
makes
21.1%
might
20.2%
mind.
20%
talking
19.6%
talking
19.6%
Talking
19.6%
sleep
19.4%
wrong
19.4%
sleep;
19.4%
crazy,*
19.1%
crazy,*
19.1%
maybe*
16.2%
stay*
15.7%
soon*
15.1%
soon
15.1%
friends
14.7%
Hold
14.5%
unwell.*
14.3%
they've
14%
away.
14%
feeling
13.4%
lost
13.4%
myself
12.6%
they'll
12.3%
They'll
12.3%
making
11.9%
telling
11.9%
enough*
11.7%
wall;
11.5%
tomorrow
11.5%
whisper
10.6%
awhile*
10.4%
shadows
10.2%
thinking,
10.2%
staring
10%
ceiling
9.1%
voices
9.1%
hearing
8.9%
impaired.*
8.9%
public
7.4%
taking
7.4%
train.
7.2%
glances
6.8%
hours
6.8%
breakdown.
6.6%
dodging
6.6%
pretty
6.2%
headed
6%
somehow,
5.3%

You're not logged in!

Compare scores with friends on all Sporcle quizzes.
Sign Up with Email
OR
Log In

You Might Also Like...

Show Comments

Extras

Top Quizzes Today


Score Distribution

Your Account Isn't Verified!

In order to create a playlist on Sporcle, you need to verify the email address you used during registration. Go to your Sporcle Settings to finish the process.